Statistics for Musical Acts by Letter - L

Click here to take the quiz!

General Stats

  • This quiz has been taken 43,127 times
    (7,808 since last reset)
  • The average score is 11 of 20

Answer Stats

Years Active Country Song Band or Artist % Correct
2008 -Poker Face | Born This WayLady Gaga
96%
2013 -Royals | Tennis CourtLorde
79%
1969 - 1980Stairway to Heaven | KashmirLed Zeppelin
76%
2008 -Party Rock Anthem | Sexy and I Know ItLMFAO
72%
1923 - 1970What a Wonderful World | Hello, DollyLouis Armstrong
71%
1973 -Free Bird | Sweet Home AlabamaLynyrd Skynyrd
70%
2000 -In the End | NumbLinkin Park
64%
2018 -Old Town Road | PaniniLil Nas X
59%
2010 -Summertime Sadness | Video GamesLana Del Rey
55%
1999 -Mambo No. 5 | Sweet Like ColaLou Bega
51%
1951 - 2020Good Golly, Miss Molly | Tutti FruttiLittle Richard
50%
1982 -Dancing on the Ceiling | Endless LoveLionel Richie
49%
2012 -Ho Hey | OpheliaThe Lumineers
45%
2013 -Truth Hurts | JuiceLizzo
43%
1972 - 2013Walk on the Wild Side | Satellite of LoveLou Reed
42%
1998 -
Despacito | ImposibleLuis Fonsi
41%
2007 -Need You Now | Just a KissLady A
36%
2006 -Smile | The FearLily Allen
33%
1999 -A Milli | LollipopLil Wayne
33%
2000 -Rollout | What's Your FantasyLudacris
17%

Score Distribution

Percentile by Number Answered

Percent of People with Each Score

Your Score History

You have not taken this quiz since the last reset